<?xml version="1.0" encoding="UTF-8"?>
<record
    xmlns:xsi="http://www.w3.org/2001/XMLSchema-instance"
    xsi:schemaLocation="http://www.loc.gov/MARC21/slim http://www.loc.gov/standards/marcxml/schema/MARC21slim.xsd"
    xmlns="http://www.loc.gov/MARC21/slim">

  <leader>00957nam a2200181Ia 4500</leader>
  <controlfield tag="008">151202s9999||||xx |||||||||||||| ||und||</controlfield>
  <datafield tag="082" ind1=" " ind2=" ">
    <subfield code="b">PNVM-43440</subfield>
  </datafield>
  <datafield tag="100" ind1=" " ind2=" ">
    <subfield code="a">&#x918;&#x91F;&#x93E;&#x91F;&#x947; &#x928;&#x93E;.&#x92E;&#x93E;.</subfield>
  </datafield>
  <datafield tag="245" ind1=" " ind2=" ">
    <subfield code="a">&#x92A;&#x902;&#x924;&#x92A;&#x94D;&#x930;&#x93E;&#x93E;&#x928; &#x905;&#x91F;&#x932;&#x92C;&#x93F;&#x939;&#x93E;&#x930;&#x940; &#x935;&#x93E;&#x91C;&#x92A;&#x947;&#x92F;&#x940; &#x905;&#x92F;&#x915;&#x94D;&#x937; &#x92E;&#x939;&#x94B;&#x926;&#x92F; ? (&#x938;&#x902;&#x938;&#x926;&#x947;&#x924;&#x940;&#x932; &#x92D;&#x93E;&#x937;&#x923;&#x947;).</subfield>
  </datafield>
  <datafield tag="260" ind1=" " ind2=" ">
    <subfield code="b">"&#x938;&#x93E;&#x939;&#x93F;&#x924;&#x94D;&#x92F; &#x92A;&#x94D;&#x930;&#x938;&#x93E;&#x930; &#x915;&#x947;&#x902;&#x926;&#x94D;&#x930; ,&#x928;&#x93E;&#x917;&#x92A;&#x942;&#x930;."</subfield>
  </datafield>
  <datafield tag="260" ind1=" " ind2=" ">
    <subfield code="c">2000</subfield>
  </datafield>
  <datafield tag="300" ind1=" " ind2=" ">
    <subfield code="a">192</subfield>
  </datafield>
  <datafield tag="600" ind1=" " ind2=" ">
    <subfield code="a">&#x918;&#x91F;&#x93E;&#x91F;&#x947; &#x928;&#x93E;.&#x92E;&#x93E;.</subfield>
  </datafield>
  <datafield tag="630" ind1=" " ind2=" ">
    <subfield code="a">&#x92A;&#x902;&#x924;&#x92A;&#x94D;&#x930;&#x93E;&#x93E;&#x928; &#x905;&#x91F;&#x932;&#x92C;&#x93F;&#x939;&#x93E;&#x930;&#x940; &#x935;&#x93E;&#x91C;&#x92A;&#x947;&#x92F;&#x940; &#x905;&#x92F;&#x915;&#x94D;&#x937; &#x92E;&#x939;&#x94B;&#x926;&#x92F; ? (&#x938;&#x902;&#x938;&#x926;&#x947;&#x924;&#x940;&#x932; &#x92D;&#x93E;&#x937;&#x923;&#x947;).</subfield>
  </datafield>
  <datafield tag="700" ind1=" " ind2=" ">
    <subfield code="a">&#x918;&#x91F;&#x93E;&#x91F;&#x947; &#x928;&#x93E;.&#x92E;&#x93E;.</subfield>
  </datafield>
  <datafield tag="730" ind1=" " ind2=" ">
    <subfield code="a">&#x92A;&#x902;&#x924;&#x92A;&#x94D;&#x930;&#x93E;&#x93E;&#x928; &#x905;&#x91F;&#x932;&#x92C;&#x93F;&#x939;&#x93E;&#x930;&#x940; &#x935;&#x93E;&#x91C;&#x92A;&#x947;&#x92F;&#x940; &#x905;&#x92F;&#x915;&#x94D;&#x937; &#x92E;&#x939;&#x94B;&#x926;&#x92F; ? (&#x938;&#x902;&#x938;&#x926;&#x947;&#x924;&#x940;&#x932; &#x92D;&#x93E;&#x937;&#x923;&#x947;).</subfield>
  </datafield>
  <datafield tag="942" ind1=" " ind2=" ">
    <subfield code="c">BOOK</subfield>
  </datafield>
  <datafield tag="999" ind1=" " ind2=" ">
    <subfield code="c">1309392</subfield>
    <subfield code="d">1309389</subfield>
  </datafield>
  <datafield tag="952" ind1=" " ind2=" ">
    <subfield code="0">0</subfield>
    <subfield code="1">0</subfield>
    <subfield code="4">0</subfield>
    <subfield code="7">0</subfield>
    <subfield code="a">PNVM</subfield>
    <subfield code="b">PNVM</subfield>
    <subfield code="d">2015-06-21</subfield>
    <subfield code="g">0.00</subfield>
    <subfield code="l">0</subfield>
    <subfield code="o">PNVM-43440</subfield>
    <subfield code="p">PNVM-43440</subfield>
    <subfield code="r">2015-12-02 00:00:00</subfield>
    <subfield code="v">0.00</subfield>
    <subfield code="w">2015-12-02</subfield>
    <subfield code="y">BOOK</subfield>
  </datafield>
</record>
